2020 (2021) Summer Olympics Medal Count - Statistics

General Stats
  • This quiz has been taken 146 times
  • The average score is 13 of 15
Answer Stats
Total Gold Silver Bronze Country % Correct
88 38 32 18 China
100%
113 39 41 33 United States
100%
65 22 21 22 United Kingdom
98%
71 20 28 23 Russia
97%
33 10 12 11 France
95%
37 10 11 16 Germany
95%
58 27 14 17 Japan
95%
46 17 7 22 Australia
94%
40 10 10 20 Italy
93%
21 7 6 8 Brazil
90%
24 7 6 11 Canada
87%
20 6 4 10 South Korea
82%
36 10 12 14 Netherlands
79%
20 7 6 7 New Zealand
72%
20 6 7 7 Hungary
49%
No matching quizzes found
Score Distribution
Percent of People with Each Score
Percentile by Number Answered
Your Score History
You have not taken this quiz